The energy efficient home (Record no. 105927)
[ view plain ]
| 000 -LEADER | |
|---|---|
| fixed length control field | 01319cam a2200253 4500 |
| 001 - CONTROL NUMBER | |
| control field | ##L135146 |
| 008 - FIXED-LENGTH DATA ELEMENTS--GENERAL INFORMATION | |
| fixed length control field | 060929n2006 000 0 eng u |
| 020 ## - INTERNATIONAL STANDARD BOOK NUMBER | |
| International Standard Book Number | 1861267797 |
| 035 ## - SYSTEM CONTROL NUMBER | |
| System control number | (Sirsi) u135146 |
| 041 0# - LANGUAGE CODE | |
| Language code of text/sound track or separate title | eng |
| 050 04 - LIBRARY OF CONGRESS CALL NUMBER | |
| Classification number | 697 $2 18 |
| 100 1# - MAIN ENTRY--PERSONAL NAME | |
| Personal name | Waterfield, Patrick |
| 245 04 - TITLE STATEMENT | |
| Title | The energy efficient home |
| Remainder of title | a complete guide |
| 260 ## - PUBLICATION, DISTRIBUTION, ETC. | |
| Place of publication, distribution, etc. | Rambury |
| Name of publisher, distributor, etc. | Crowood Press |
| Date of publication, distribution, etc. | 2006 |
| 300 ## - PHYSICAL DESCRIPTION | |
| Extent | 176p. |
| Other physical details | ill. |
| Dimensions | 26cm. |
| 350 ## - PRICE (NR) (BK AM CF MU VM SE) [OBSOLETE] | |
| Price | 16.99 |
| 505 1# - FORMATTED CONTENTS NOTE | |
| Formatted contents note | Site and built form -- Insulation and U-values -- Methods of construction -- Windows and doors -- Conservatories, sunrooms and loft conversions -- Heating and hot water -- Lighting -- Ventilation -- Renewable energy technologies -- Appliances and housekeeping -- Energy/environmental rating and legal framework -- Wider environmental issues |
| 520 ## - SUMMARY, ETC. | |
| Summary, etc. | This non-technical book provides practical advice to self-builders and DIY enthusiasts on energy related aspects of housing design and refurbishment. Chapters are arranged to address energy saving measures and issues as they occur along the process of a build. Includes useful contacts, publications and additional information. |
| 590 ## - LOCAL NOTE (RLIN) | |
| Local note | IKA311006 |
| 651 #4 - SUBJECT ADDED ENTRY--GEOGRAPHIC NAME | |
| Geographic name | United Kingdom |
| Chronological subdivision | |
| 690 ## - LOCAL SUBJECT ADDED ENTRY--TOPICAL TERM (OCLC, RLIN) | |
| Topical term or geographic name as entry element | ENVIRONMENTAL AND LAND CONSULTANCY-ENERGY-ENERGY USE-ENERGY EFFICIENCY |
| 942 ## - ADDED ENTRY ELEMENTS (KOHA) | |
| Suppress in OPAC | 0 |
| Withdrawn status | Lost status | Source of classification or shelving scheme | Damaged status | Not for loan | Home library | Current library | Shelving location | Date acquired | Cost, normal purchase price | Total Checkouts | Full call number | Barcode | Date last seen | Date last checked out | Copy number | Cost, replacement price | Price effective from | Koha item type |
|---|---|---|---|---|---|---|---|---|---|---|---|---|---|---|---|---|---|---|
| Dewey Decimal Classification | London | London | Books | 24/10/2006 | 16.99 | 13 | 697 WAT | 30073400 | 06/08/2019 | 11/09/2008 | 1 | 16.99 | 06/08/2019 | Book |